Statistiques concernant Quiz Cannabis #2

Cliquez ici pour prendre le quiz!

Statistiques générales

  • Ce quiz a été pris 104 fois
  • Le résultat moyen est 6 sur 10

Statistiques - réponses

QuestionRéponse% Correct
Quelle plante est du cannabis?
95%
De quelle couleur est majoritèrement la beuh?Verte
94%
En France le cannabis est...?Illégal
93%
Quelle mot ne désigne pas un join?Dab's
84%
Est ce que mon prof d'enseignement scientifique fume?Je pense qu'il prend du lsd
65%
Qu'est ce que les trichromes?des glandes renfermant les molécules importantes
64%
Quelle variété n'existe pas?Tomato Kush
56%
Quand la dernière cannabis cup a t'elle eu lieu? (on est en février 2023)2019
42%
Quelle variété a gagné la cannabis cup en 2014 à Amsterdam?Cookies Kush
29%
Combien de gramme fait un pure de beuh? (grande feuille, aucun collage)environ 0,5g
26%

Distribution des résultats

Percentile par nombre de réponses

% des personnes avec chaque résultat

Votre développement - résultats

Vous n’avez pas pris ce quiz